Statistics for Five Biggest Cities by Country - Extreme

Click here to take the quiz!

General Stats

  • This quiz has been taken 261 times
    (236 since last reset)
  • The average score is 141 of 200

Answer Stats

CountryCity% Correct
ChinaBeijing
99%
United StatesNew York City
99%
United KingdomLondon
98%
United KingdomManchester
98%
ItalyRome
98%
GermanyBerlin
98%
TurkeyAnkara
98%
FranceParis
98%
MexicoMexico City
98%
SpainBarcelona
98%
JapanTokyo
98%
United StatesLos Angeles
98%
SpainMadrid
98%
RussiaMoscow
98%
AustraliaSydney
98%
IndiaDelhi
97%
South KoreaSeoul
97%
UkraineKiev
97%
TurkeyIstanbul
97%
ChinaShanghai
97%
EgyptCairo
97%
BrazilRio de Janeiro
97%
RussiaSaint Petersburg
97%
ItalyNaples
96%
ColombiaBogotá
96%
ItalyMilan
96%
PolandWarsaw
96%
AustraliaMelbourne
96%
SwedenStockholm
96%
BrazilSão Paulo
96%
FranceLyon
96%
BelgiumBrussels
96%
IndonesiaJakarta
96%
United StatesChicago
96%
PortugalLisbon
96%
South AfricaCape Town
96%
ArgentinaBuenos Aires
96%
South AfricaJohannesburg /
Pretoria
96%
PhilippinesManila
96%
AustriaVienna
95%
FranceMarseille
95%
IndiaMumbai
95%
CanadaToronto
95%
SwitzerlandBern
95%
IranTehran
95%
IraqBaghdad
95%
AustraliaPerth
94%
JapanOsaka
94%
PortugalPorto
94%
GermanyHamburg
94%
New ZealandWellington
94%
CanadaVancouver
94%
NigeriaLagos
94%
BulgariaSofia
94%
United KingdomLiverpool
94%
CanadaMontréal
93%
United StatesWashington D.C.
93%
New ZealandAuckland
93%
MoroccoCasablanca
93%
ChinaGuangzhou /
Shenzhen
93%
Saudi ArabiaRiyadh
93%
SwitzerlandZürich
93%
GermanyFrankfurt
93%
GermanyCologne /
Düsseldorf
93%
United KingdomBirmingham
93%
IndiaKolkata
92%
PakistanRawalpindi /
Islamabad
91%
PakistanKarachi
91%
VenezuelaCaracas
91%
TaiwanTaipei
91%
Spain | VenezuelaValencia
91%
EgyptAlexandria
91%
United StatesSan Francisco
90%
SwitzerlandGeneva
90%
AustraliaBrisbane
89%
SpainSeville
89%
MoroccoRabat
89%
BrazilBrasília
88%
BelgiumAntwerp
87%
United KingdomLeeds
87%
PolandKraków
87%
ItalyTurin
86%
PakistanLahore
86%
MexicoGuadalajara
85%
AustraliaAdelaide
85%
ColombiaMedellín
85%
D.R. CongoKinshasa
85%
Saudi ArabiaMecca
84%
NigeriaAbuja
83%
New ZealandChristchurch
83%
TurkeyIzmir
82%
SwedenGothenburg
82%
IndiaChennai
82%
AustriaSalzburg
81%
ItalyFlorence
81%
CanadaCalgary
81%
SwedenMalmö
80%
South KoreaBusan
80%
IndiaBengaluru
80%
CanadaEdmonton
80%
MoroccoMarrakesh
80%
GermanyStuttgart
80%
BrazilBelo Horizonte
79%
Saudi ArabiaJeddah
79%
JapanNagoya
79%
South AfricaDurban
78%
PolandGdańsk
78%
ColombiaCali
77%
FranceBordeaux
77%
JapanSapporo
76%
South AfricaBloemfontein
76%
MexicoMonterrey
76%
Saudi ArabiaMedina
75%
UkraineOdessa
74%
SpainMálaga
74%
ChinaTianjin
73%
MoroccoFés
72%
BelgiumGhent
71%
PolandŁódź
70%
SwitzerlandBasel
70%
AustriaGraz
70%
AustriaInnsbruck
68%
BrazilPorto Alegre
68%
RussiaYekaterinburg
67%
FranceLille
66%
South AfricaPort Elizabeth
66%
ArgentinaCórdoba
64%
IndonesiaSurabaya
64%
NigeriaKano
64%
SwitzerlandLausanne
63%
RussiaNovosibirsk
63%
RussiaNizhny Novgorod
63%
ChinaXiamen
63%
AustriaLinz
61%
UkraineDonetsk
60%
UkraineKharkiv
60%
IndonesiaBandung
60%
BelgiumLiège
58%
BulgariaVarna
57%
PolandKatowice
57%
ColombiaBarranquilla
55%
ArgentinaRosario
55%
PhilippinesCebu
54%
JapanFukuoka
54%
IraqMosul
54%
IranIsfahan
54%
South KoreaDaegu
52%
NigeriaIbadan
52%
VenezuelaMaracaibo
52%
IraqBasra
51%
MexicoPuebla
51%
SwedenUppsala
50%
TurkeyBursa
50%
PakistanFaisalabad
49%
UkraineDnipro
49%
IranMashhad
48%
IndonesiaMedan
46%
EgyptPort Said
46%
BelgiumCharleroi
45%
BulgariaPlovdiv
45%
NigeriaPort Harcourt
44%
IraqErbil
43%
EgyptSuez
41%
TurkeyAdana
41%
D.R. CongoLubumbashi
40%
Saudi ArabiaDammam
40%
ArgentinaMendoza
40%
IranShiraz
39%
PhilippinesDavao
35%
MoroccoAgadir
34%
IranTabriz
34%
PortugalBraga
31%
BulgariaBurgas
30%
TaiwanKaohsiung
29%
New ZealandHamilton
29%
PortugalCoimbra
26%
MexicoToluca
25%
TaiwanTaichung
24%
D.R. CongoMbuji-Mayi
23%
South KoreaGwangju
22%
PortugalFunchal
21%
ColombiaBucaramanga
21%
D.R. CongoKisangani
20%
VenezuelaBarquisimeto
20%
ArgentinaSan Miguel
de Tucumán
19%
VenezuelaMaracay
19%
South KoreaDaejeon
19%
SwedenVästerås
19%
PhilippinesAngeles
19%
IraqKirkuk
18%
IndonesiaSemarang
17%
TaiwanTainan
17%
PakistanGujranwala
16%
D.R. CongoKananga
14%
BulgariaRuse
10%
New ZealandTauranga
10%
EgyptMansoura
6%
TaiwanHsinchu
3%
PhilippinesCagayan de Oro
3%

Score Distribution

Percentile by Number Answered

Percent of People with Each Score

Your Score History

You have not taken this quiz since the last reset